Microsoft Office 2000 programmer's guide
Αποθηκεύτηκε σε:
| Κύριος συγγραφέας: | |
|---|---|
| Άλλοι συγγραφείς: | , |
| Μορφή: | Βιβλίο |
| Γλώσσα: | English |
| Δημοσίευση: |
Redmond :
Microsoft Press,
1999
|
| Θέματα: | |
| Ετικέτες: |
Προσθήκη ετικέτας
Δεν υπάρχουν, Καταχωρήστε ετικέτα πρώτοι!
|
MARC
| LEADER | 00000cam a2200000 i 4500 | ||
|---|---|---|---|
| 001 | 1/19456 | ||
| 008 | 010430s1999 eng d | ||
| 020 | |a 1-57231-952-6 | ||
| 035 | |l 10066860 | ||
| 040 | |a GR-MY-UA |b gre |e aacr | ||
| 041 | 0 | |a eng | |
| 082 | 0 | |a 005.369 | |
| 100 | 1 | |a Shank, David, |d 1954- | |
| 245 | 1 | 0 | |a Microsoft Office 2000 / Visual Basic : |b programmer's guide / |c David Shank, Mark Roberts, Tamra Myers |
| 260 | |a Redmond : |b Microsoft Press, |c 1999 | ||
| 300 | |a 939 p.; |c 23 cm.+ |e 1 computer laser optical disc (4 3/4 in) | ||
| 500 | |a Includes index | ||
| 630 | 0 | 0 | |a Microsoft Office. |
| 630 | 0 | 0 | |a Microsoft Visual BASIC. |
| 630 | 0 | 0 | |a Microsoft Visual Basic for applications. |
| 650 | 0 | 0 | |a Business |x Computer programs. |
| 700 | 1 | |a Roberts, Mark, |d 1957 April 10- | |
| 700 | 1 | |a Myers, Tamra, |d 1969- | |
| 852 | |a INST |b CHIOS |e 20010430 |h 005.369 SHA |p 005200021608 |q 005200021608 |t BK |y 0 | ||
| 852 | |a INST |b CHIOS |e 20010430 |h 005.369 SHA |p 005200021218 |q 005200021218 |t BK |y 0 | ||
| 901 | |a BIBL2-2001-1 | ||
| 909 | |a Χ |b 083318 | ||
| 909 | |a Χ |b 083593 | ||
| 970 | |a ΠΟΥΛΑΚΗ |b ΣΤΕΛΛΑ |z 2001/04/30 | ||